书目信息 |
| 题名: |
中国小说史略
|
|
| 作者: | 鲁迅 撰 ;郭豫适导读 | |
| 分册: | ||
| 出版信息: | 上海 上海古籍出版社 1998.01 |
|
| 页数: | 260页 | |
| 开本: | 32开 | |
| 丛书名: | 蓬莱阁丛书 | |
| 单 册: | ||
| 中图分类: | I210.91 | |
| 科图分类: | ||
| 主题词: | 文学--作品集--中国 | |
| 电子资源: | ||
| ISBN: | 7-5325-2333-0 | |
| 000 | 00663nam0 2200229 45 | |
| 001 | 0003210908 | |
| 005 | 20040413171021.9 | |
| 010 | @a7-5325-2333-0@dCNY12.90 | |
| 100 | @a20000321d1998 km y0chiy0120 ea | |
| 101 | 0 | @achi |
| 105 | @a z 000yy | |
| 200 | 1 | @a中国小说史略@AZhong Guo Xiao Shuo Shi Lue@f鲁迅撰@FLu Xun Zhuan@g郭豫适导读 |
| 210 | @a上海@c上海古籍出版社@d1998.01 | |
| 215 | @a260页@d32开 | |
| 225 | @a蓬莱阁丛书 | |
| 410 | @12001 @a蓬莱阁丛书 | |
| 606 | 0 | @a文学@x作品集@y中国 |
| 690 | @aI210.91@v1 | |
| 701 | 0 | @a鲁迅@4撰 |
| 702 | 0 | @a郭豫适导读@AGuo Yu Shi Dao Du |
| 801 | @aCN@bTSTC@c20000321 | |
| 905 | @dI210.91@e130≈2@f3@b286321-323 | |
| 中国小说史略/鲁迅撰/郭豫适导读.-上海:上海古籍出版社,1998.01 |
| 260页;32开.-(蓬莱阁丛书) |
| ISBN 7-5325-2333-0:CNY12.90 |
| ● |
| 相关链接 |
|
|
|
|
正题名:中国小说史略
索取号:I210.91/130≈2
 
预约/预借
| 序号 | 登录号 | 条形码 | 馆藏地/架位号 | 状态 | 备注 |
| 1 | 0286321 | 002863217 | 第二借阅区/ [索取号:I210.91/130≈2] | 在馆 | |
| 2 | 0286323 | 002863235 | 第二借阅区/ [索取号:I210.91/130≈2] | 在馆 |